Statistics for Netherlands Municipalities Quiz

Click here to take the quiz!

General Stats

  • This quiz has been taken 1,769 times
  • The average score is 118 of 355

Answers on the Map

Answers color-coded by a green-red scale on the quiz's map according to % correct below.
Loading ...
 

Answer Stats

Answer % Correct
Amsterdam
97%
's-Gravenhage
92%
Rotterdam
92%
Utrecht
91%
Groningen
89%
Maastricht
89%
Texel
87%
Almere
86%
Eindhoven
84%
Lelystad
84%
Leeuwarden
84%
Haarlem
81%
Arnhem
80%
Terschelling
80%
Vlieland
80%
Ameland
80%
Schiermonnikoog
79%
Breda
78%
Nijmegen
78%
Middelburg
78%
Tilburg
78%
Den Helder
77%
Zwolle
76%
's-Hertogenbosch
76%
Apeldoorn
74%
Enschede
74%
Assen
74%
Venlo
73%
Urk
72%
Leiden
72%
Alkmaar
72%
Amersfoort
71%
Almelo
70%
Hengelo
67%
Vlissingen
67%
Emmen
66%
Delft
66%
Bergen
65%
Hilversum
65%
Zaanstad
63%
Dordrecht
63%
Ede
63%
Oss
60%
Gouda
60%
Hoorn
60%
Roermond
60%
Deventer
58%
Heerenveen
58%
Goes
57%
Noordoostpolder
57%
Amstelveen
57%
Heerlen
57%
Roosendaal
54%
Haarlemmermeer
54%
Terneuzen
54%
Katwijk
53%
Alphen aan den Rijn
52%
Bergen op Zoom
51%
Harderwijk
51%
Harlingen
51%
Delfzijl
51%
Enkhuizen
50%
Kerkrade
50%
Venray
50%
Wageningen
50%
Doetinchem
50%
Zandvoort
49%
Schiedam
49%
Helmond
49%
Zeist
48%
Purmerend
48%
Zutphen
48%
Kampen
47%
Meppel
47%
Baarle-Nassau
47%
Dronten
46%
Winterswijk
46%
Zoetermeer
46%
Sittard-Geleen
45%
Vaals
44%
Weert
44%
Goeree-Overflakkee
44%
Zeewolde
43%
Nieuwegein
43%
Tiel
43%
Noordwijk
42%
Horst aan de Maas
41%
Waalwijk
41%
Barneveld
40%
Veenendaal
40%
Gorinchem
40%
Wassenaar
39%
Vlaardingen
39%
Hoogeveen
39%
Bloemendaal
39%
Heerhugowaard
39%
Soest
38%
Stadskanaal
38%
Kapelle
38%
Diemen
38%
Woerden
38%
Súdwest-Fryslân
38%
Beverwijk
38%
Valkenburg aan de Geul
37%
Epe
37%
Oldenzaal
37%
Duiven
37%
Blaricum
37%
Castricum
37%
Houten
36%
Schagen
36%
Westland
36%
Uden
35%
Coevorden
35%
Veendam
35%
Huizen
35%
Schouwen-Duiveland
34%
Best
34%
Laren
34%
Capelle aan den IJssel
34%
Ermelo
34%
Barendrecht
33%
Tholen
33%
Boxtel
33%
Nunspeet
33%
Weesp
33%
Ommen
33%
Rhenen
33%
De Bilt
33%
Edam-Volendam
33%
Etten-Leur
33%
Haaren
33%
Rozendaal
32%
Putten
32%
Nijkerk
32%
Boxmeer
31%
Aalsmeer
31%
Maassluis
31%
Valkenswaard
31%
Cuijk
31%
Zevenaar
31%
Rijswijk
31%
Velsen
31%
Hollands Kroon
30%
Culemborg
30%
Sluis
30%
Lisse
30%
Wijchen
30%
Hardenberg
30%
Veldhoven
30%
De Fryske Marren
30%
Baarn
30%
Appingedam
29%
Medemblik
29%
IJsselstein
29%
Utrechtse Heuvelrug
28%
Hulst
28%
Noord-Beveland
28%
Beek
27%
Landgraaf
27%
Heemstede
27%
Nederweert
27%
Papendrecht
27%
Sliedrecht
27%
Aa en Hunze
27%
Veere
27%
Zaltbommel
27%
Brielle
26%
Heemskerk
26%
Deurne
26%
Vught
26%
Waterland
26%
Zwijndrecht
26%
Oisterwijk
26%
Heiloo
26%
Midden-Drenthe
26%
Haaksbergen
26%
Bunnik
26%
Goirle
26%
Oosterhout
25%
Beemster
25%
Berg en Dal
25%
Brunssum
25%
Hellevoetsluis
25%
Rheden
24%
Staphorst
24%
Son en Breugel
24%
Raalte
24%
Hilvarenbeek
24%
Borne
24%
Gooise Meren
24%
Pekela
24%
Asten
24%
Ridderkerk
24%
Doesburg
24%
Uitgeest
24%
Oirschot
24%
Moerdijk
23%
Borsele
23%
Eersel
23%
Leidschendam-Voorburg
23%
Lopik
23%
Alblasserdam
23%
Waddinxveen
23%
Overbetuwe
23%
Gennep
23%
Renkum
22%
Aalten
22%
Midden-Groningen
22%
Wijk bij Duurstede
22%
Steenwijkerland
22%
Hendrik-Ido-Ambacht
22%
Loppersum
22%
Peel en Maas
22%
Bunschoten
22%
Voorschoten
22%
Hellendoorn
22%
Neder-Betuwe
22%
Leiderdorp
22%
Krimpen aan den IJssel
21%
Hoeksche Waard
21%
Dalfsen
21%
Oegstgeest
21%
Druten
21%
Uithoorn
21%
Someren
21%
Bronckhorst
21%
Echt-Susteren
21%
Mook en Middelaar
21%
Hardinxveld-Giessendam
21%
Rucphen
20%
Beuningen
20%
Steenbergen
20%
Stichtse Vecht
20%
Losser
20%
Loon op Zand
20%
Boekel
20%
Waalre
20%
Lochem
20%
Leusden
20%
Roerdalen
20%
Eemnes
20%
Heusden
20%
Bladel
19%
Hof van Twente
19%
Altena
19%
Stein
19%
Bergeijk
19%
Grave
19%
West Betuwe
19%
Gulpen-Wittem
19%
Wierden
19%
De Ronde Venen
19%
Montfoort
19%
Woensdrecht
19%
Alphen-Chaam
19%
Elburg
19%
Meierijstad
19%
Hillegom
19%
Zundert
19%
Ouder-Amstel
19%
Hattem
19%
Leudal
19%
Meerssen
19%
Tubbergen
19%
Buren
18%
Twenterand
18%
Weststellingwerf
18%
Westervoort
18%
Nieuwkoop
18%
Stede Broec
18%
Reimerswaal
18%
Noardeast-Fryslân
18%
Oostzaan
18%
Zwartewaterland
18%
Eijsden-Margraten
18%
Pijnacker-Nootdorp
18%
Wormerland
18%
Brummen
18%
Heumen
18%
Olst-Wijhe
17%
Sint-Michielsgestel
17%
Geldrop-Mierlo
17%
Scherpenzeel
17%
Midden-Delfland
17%
Nissewaard
17%
Gemert-Bakel
17%
Simpelveld
17%
Borger-Odoorn
17%
Zuidplas
17%
Sint Anthonis
17%
Tynaarlo
17%
Lansingerland
17%
Zoeterwoude
17%
Voorst
17%
Landsmeer
17%
Gilze en Rijen
17%
Woudenberg
17%
Montferland
17%
Oldambt
17%
Ooststellingwerf
17%
Westerveld
16%
Nuenen, Gerwen en Nederwetten
16%
Heeze-Leende
16%
Berkelland
16%
Beesel
16%
Opsterland
16%
West Maas en Waal
16%
Voerendaal
16%
Cranendonck
16%
Maasgouw
16%
Renswoude
16%
Krimpenerwaard
16%
Oost Gelre
16%
Maasdriel
16%
Lingewaard
16%
Dinkelland
15%
Beekdaelen
15%
Vijfheerenlanden
15%
Achtkarspelen
15%
De Wolden
15%
Smallingerland
15%
Dongen
15%
Heerde
15%
Oudewater
15%
Westerkwartier
15%
Het Hogeland
15%
Langedijk
15%
Westvoorne
15%
Albrandswaard
14%
Bodegraven-Reeuwijk
14%
Koggenland
14%
Geertruidenberg
14%
Noordenveld
14%
Rijssen-Holten
14%
Westerwolde
14%
Teylingen
14%
Opmeer
14%
Drimmelen
14%
Waadhoeke
14%
Oude IJsselstreek
14%
Mill en Sint Hubert
14%
Oldebroek
13%
Wijdemeren
13%
Laarbeek
13%
Bernheze
13%
Drechterland
13%
Landerd
13%
Molenlanden
13%
Reusel-De Mierden
13%
Dantumadiel
13%
Kaag en Braassem
12%
Tytsjerksteradiel
12%
Halderberge
12%

Score Distribution

Percentile by Number Answered

Percent of People with Each Score

Your Score History

You have not taken this quiz